Chefs-lieux des départements français - Statistiques

Statistiques générales
  • Ce quiz a été pris 4 486 fois
  • Le résultat moyen est 65 sur 101
Statistiques - réponses
Hint Réponse % Correct
Bouches du Rhônes 13 Marseille
94%
Alpes Maritimes 06 Nice
93%
Gironde 33 Bordeaux
91%
Corse du Sud 2A Ajaccio
89%
Nord 59 Lille
89%
Paris 75 Paris
89%
Ille-et-Vilaine 35 Rennes
89%
Haute-Garonne 31 Toulouse
89%
Rhône 69 Lyon
88%
Loire Atlantique 44 Nantes
87%
Haute Corse 2B Bastia
86%
Côte d'Or 21 Dijon
86%
Hérault 34 Montpellier
86%
Bas Rhin 67 Strasbourg
86%
Calvados 14 Caen
85%
Isère 38 Grenoble
83%
Charente Maritime 17 La Rochelle
81%
Finistère 29 Quimper
81%
Loire 42 Saint-Etienne
78%
Moselle 57 Metz
77%
Puy-de-Dôme 63 Clermont-Ferrand
76%
Meurthe-et-Moselle 54 Nancy
76%
Loiret 45 Orléans
76%
Gard 30 Nîmes
75%
Pyrénées Orientales 66 Perpignan
74%
Seine Maritime 76 Rouen
74%
Terrritoire de Belfort 90 Belfort
73%
Indre-et-Loire 37 Tours
73%
Sarthe 72 Le Mans
72%
Pyrénées Atlantiques 64 Pau
72%
Var 83 Toulon
72%
Maine-et-Loire 49 Angers
71%
Haute Savoie 74 Annecy
71%
La Réunion 974 Saint-Denis
71%
Ain 01 Bourg-en-Bresse
70%
Haut Rhin 68 Colmar
70%
Hautes Alpes 05 Gap
70%
Aube 10 Troyes
70%
Yvelines 78 Versailles
70%
Doubs 25 Besançon
69%
Corrèze 19 Tulle
69%
Somme 80 Amiens
67%
Aude 11 Carcassonne
67%
Morbihan 56 Vannes
67%
Savoie 73 Chambéry
66%
Drôme 26 Valence
66%
Vienne 86 Poitiers
64%
Vaucluse 84 Avignon
63%
Cher 18 Bourges
63%
Haute Vienne 87 Limoges
63%
Aisne 02 Laon
62%
Nièvre 58 Nevers
62%
Côtes d'Armor 22 Saint-Brieuc
62%
Charente 16 Angoulême
61%
Ariège 09 Foix
60%
Mayenne 53 Laval
60%
Landes 40 Mont-de-Marsan
60%
Manche 50 Saint-Lô
60%
Pas de Calais 62 Arras
59%
Ardennes 08 Charleville-Mézières
59%
Martinique 972 Fort-de-France
59%
Allier 03 Moulins
59%
Deux Sèvres 79 Niort
59%
Dordogne 24 Périgueux
59%
Aveyron 12 Rodez
59%
Cantal 15 Aurillac
58%
Yonne 89 Auxerre
58%
Ardèche 07 Privas
58%
Eure-et-Loire 28 Chartres
56%
Indre 36 Châteauroux
56%
Vendée 85 La Roche-sur-Yon
56%
Oise 60 Beauvais
55%
Lot-et-Garonne 47 Agen
54%
Guyane 973 Cayenne
54%
Loir-et-Cher 41 Blois
53%
Eure 27 Evreux
53%
Creuse 23 Guéret
53%
Tarn 81 Albi
52%
Hautes Pyrénées 65 Tarbes
52%
Gers 32 Auch
51%
Orne 61 Alençon
50%
Vosges 88 Epinal
50%
Essonne 91 Evry
50%
Seine et Marne 77 Melun
50%
Lozère 48 Mende
50%
Hauts de Seine 92 Nanterre
50%
Jura 39 Lons-le-Saunier
49%
Val de Marne 94 Créteil
48%
Alpes de Haute Provence 04 Digne-les-Bains
48%
Saône et Loire 71 Mâcon
48%
Lot 46 Cahors
47%
Tarn et Garonne 82 Montauban
47%
Seine Saint Denis 93 Bobigny
45%
Marne 51 Châlons-en-Champagne
44%
Haute-Loire 43 Le Puy-en-Velay
44%
Guadeloupe 971 Basse-Terre
43%
Meuse 55 Bar-le-Duc
42%
Mayotte 976 Mamoudzou
42%
Val d'Oise 95 Cergy
41%
Haute-Marne 52 Chaumont
40%
Haute Saône 70 Vesoul
39%
Aucun quiz correspondant
Distribution des résultats
% des personnes avec chaque résultat
Percentile par nombre de réponses
Votre historique - résultats
Vous n’avez pas pris ce quiz